[Event "VEN-ch U17 Girls"]
[Site "Caracas"]
[Date "2019.08.09"]
[Round "6"]
[White "Matute Escobar, Roxanny"]
[Black "Guillen Carrillo, Macjos Neritza"]
[Result "1-0"]
[WhiteElo "1703"]
[BlackElo "1551"]
[PlyCount "120"]
[EventDate "2019.08.07"]
[EventType "swiss"]
[EventRounds "9"]
[EventCountry "VEN"]
[SourceTitle "EXT 2020"]
[Source "ChessBase"]
[SourceDate "2019.10.17"]
[SourceVersion "1"]
[SourceVersionDate "2019.10.17"]
[SourceQuality "1"]

1. e4 c6 2. d4 d5 3. Nc3 dxe4 4. Nxe4 Bf5 5. Ng3 Bg6 6. Nf3 Nd7 7. h4 h6 8. Bf4 Qa5+ 9. Bd2 Qc7 10. Ne2 e5 11. dxe5 Nxe5 12. Nxe5 Qxe5 13. Bc3 Qe4 14. Qd4 Nf6 15. f3 Qxd4 16. Bxd4 Be7 17. 0-0-0 0-0 18. Nf4 Bh7 19. Bc4 b5 20. Bd3 Bxd3 21. Nxd3 Rfd8 22. Ne5 Rac8 23. Bxa7 Rxd1+ 24. Rxd1 c5 25. g4 Ne8 26. Rd7 Bxh4 27. Nxf7 c4 28. Bd4 Nf6 29. Rb7 Re8 30. b3 cxb3 31. axb3 Re6 32. Ne5 Bg5+ 33. Kb2 Rd6 34. Bc3 Rd5 35. Ng6 Nd7 36. f4 Bd8 37. f5 Nf6 38. Nf4 Rd7 39. Rb8 Kh7 40. Ng6 Nxg4 41. Rxb5 Bf6 42. Nh8 Kg8 43. Bxf6 Kxh8 44. Bc3 Kg8 45. Rb6 Ne3 46. Be5 Nxf5 47. c4 Kf7 48. c5 Rd5 49. Rb7+ Ke6 50. Bxg7 Nxg7 51. Rxg7 Rxc5 52. Rg6+ Kd5 53. Rxh6 Rb5 54. Kc3 Rb8 55. Rh5+ Kc6 56. Kc4 Ra8 57. Rh6+ Kd7 58. b4 Ra1 59. Kb5 Kc7 60. Rh7+ Kd6 1-0